书目信息 |
| 题名: |
图书馆员手册
|
|
| 作者: | 王子舟 主编 | |
| 分册: | ||
| 出版信息: | 北京 国家图书馆出版社 2023 |
|
| 页数: | 453页 | |
| 开本: | 24cm | |
| 丛书名: | ||
| 单 册: | ||
| 中图分类: | G251.6-62 | |
| 科图分类: | ||
| 主题词: | 图书馆员--Tu Shu Guan Yuan--手册 | |
| 电子资源: | ||
| ISBN: | 978-7-5013-7737-4 | |
| 000 | 00916nam0 2200253 450 | |
| 001 | 012024000062 | |
| 005 | 20241025174833.0 | |
| 010 | @a978-7-5013-7737-4@dCNY125.00 | |
| 100 | @a20241025d2023 em y0chiy50 ea | |
| 101 | 0 | @achi |
| 102 | @aCN@b110000 | |
| 105 | @aag z 001yy | |
| 106 | @ar | |
| 200 | 1 | @a图书馆员手册@ATu Shu Guan Yuan Shou Ce@d= The librarian's handbook@f王子舟主编@zeng |
| 210 | @a北京@c国家图书馆出版社@d2023 | |
| 215 | @a453页@c图, 照片@d24cm | |
| 320 | @a有索引 (第432-453) | |
| 330 | @a本书共分十章,内容包括:图书与图书馆、图书史与图书馆史、图书馆员、图书馆资源、文献信息组织与揭示、读者服务、技术应用、图书馆学教育与研究、趣味知识、相关法规内容摘选。 | |
| 510 | 1 | @aLibrarian's handbook@zeng |
| 606 | 0 | @a图书馆员@ATu Shu Guan Yuan@j手册 |
| 690 | @aG251.6-62@v5 | |
| 701 | 0 | @a王子舟@AWang Zi Zhou@4主编 |
| 801 | 0 | @aCN@bAHXH@c20241025 |
| 905 | @b214161609@dG251.6-62@e54@f1 | |
| 图书馆员手册= The librarian's handbook/王子舟主编.-北京:国家图书馆出版社,2023 |
| 453页:图, 照片;24cm |
| ISBN 978-7-5013-7737-4:CNY125.00 |
| 本书共分十章,内容包括:图书与图书馆、图书史与图书馆史、图书馆员、图书馆资源、文献信息组织与揭示、读者服务、技术应用、图书馆学教育与研究、趣味知识、相关法规内容摘选。 |
| ● |
| 相关链接 |
|
|
|
|
正题名:图书馆员手册
索取号:G251.6-62/54
 
预约/预借
| 序号 | 登录号 | 条形码 | 馆藏地/架位号 | 状态 | 备注 |
| 1 | 1057177 | 210571772 | 第一样本阅览室/ [索取号:G251.6-62/54] | 在馆 | |
| 2 | 1057178 | 210571781 | 第四借阅区/ [索取号:G251.6-62/54] | 在馆 | |
| 3 | 1416160 | 214161609 | 第四借阅区/ [索取号:G251.6-62/54] | 在馆 |